[Event "Norrkoeping Easter op"]
[Site "Norrkoeping"]
[Date "2022.04.15"]
[Round "3"]
[White "Trsavec, Peter"]
[Black "Crevatin, Leo"]
[Result "0-1"]
[WhiteElo "1877"]
[BlackElo "2227"]
[PlyCount "80"]
[EventDate "2022.04.15"]
[EventType "swiss"]
[EventRounds "8"]
[EventCountry "SWE"]
[SourceTitle "CBM 207 Extra"]
[Source "ChessBase"]
[SourceDate "2022.05.31"]
[SourceVersion "1"]
[SourceVersionDate "2022.05.31"]
[SourceQuality "1"]

1. Nf3 d5 2. b3 c5 3. Bb2 Nc6 4. e3 a6 5. Be2 Nf6 6. 0-0 d4 7. exd4 cxd4 8. d3 g6 9. Nbd2 Bg7 10. Ne4 Nd5 11. Re1 0-0 12. h3 e5 13. Bf1 Re8 14. Qd2 f5 15. Ng3 h6 16. a3 Be6 17. Rab1 Bf7 18. b4 Rc8 19. Ba1 Na7 20. Be2 Nb5 21. Bb2 Qc7 22. Bd1 Ndc3 23. Bxc3 Nxa3 24. Ra1 dxc3 25. Qc1 Nb5 26. h4 Qd7 27. Nh2 Rcd8 28. Bf3 Nd4 29. Bd1 Bd5 30. Ne2 Nxe2+ 31. Bxe2 Qe7 32. h5 g5 33. Rb1 g4 34. b5 axb5 35. Rxb5 Bc6 36. Rb3 Qc5 37. Qe3 Rd4 38. Qg3 e4 39. dxe4 Rdxe4 40. Qd3 g3 0-1